F1 - GRILL THE GRID - A-Z TRACKS - Statistics

General Stats
  • This quiz has been taken 615 times
  • The average score is 13 of 23
Answer Stats
Letter Circuit % Correct
B Bahrain International Circuit / Circuit de Barcelona-Catalunya / Brands Hatch Circuit / Buenos Aires / Baku City Circuit / Buddh International Circuit / Circuito da Boavista / Bugatti (Le Mans)
93%
M Circuit de Monaco / Monza / Mugello / Miami International Circuit / Magny-Cours / Mexico City / Marina Bay Street Circuit / Mosport Park / Montjuïc Circuit / Circuit Mont-Tremblant
92%
S Spa-Francorchamps / Silverstone Circuit / Shanghai International Circuit / Suzuka International Racing Course / Sepang International Circuit / Sochi Autodrom / Sebring International Raceway / Scandinavian Raceway
92%
A Albert Park / Adelaide / A1-Ring / Aintree / Anderstorp / Aida / Algarve International Circuit / Ain-Diab / AVUS / Aspern Aerodrome
81%
I Imola / Interlagos / Indianapolis Motor Speedway / Istanbul Park
80%
H Hungaroring / Hockenheimring / Autodromo Hermanos Rodriguez
73%
C Circuit de Barcelona-Catalunya / Circuit of the Americas (COTA) / Clermont-Ferrand / Caesars Palace Grand Prix Circuit / Autodromo de la Ciudad de Mexico
71%
Z Zandvoort / Zolder / Zeltweg
71%
L Le Mans / Losail International Circuit / Long Beach / Las Vegas Motor Speedway
68%
R Red Bull Ring / Reims-Gueux / Rouen / Rio de Janeiro / Riverside International Raceway
65%
J Jarama / Jeddah Corniche Circuit / Jerez / Autodromo Jose Carlos Pace / Autodromo Juan y Oscar Galvez / Jacarepagua
64%
P Portimão / Circuit Paul-Ricard / Pheonix Street Circuit / Circuito de Pedrables / Porto Street Circuit / Pescara / Prince George Circuit
59%
N Nürburgring / Circuit de Nevers Magny-Cours / Nivelles
58%
Y Yas Marina Circuit
57%
G Circuit Gilles Villeneuve
46%
K Korea International Circuit / Kyalami
46%
D Donington Park / Detroit / Dijon-Prenois / Dallas
43%
F Fuji International Speedway / Autodromo Fernanda Pires da Silva
37%
E Estoril / Autodromo Enzo e Dino Ferrari / East London
35%
V Valencia Street Circuit
28%
W Watkins Glen International
21%
O Österreichring / Autodromo Oscar Alfredo Galvez / Okayama International Circuit
18%
T TI Circuit Aida
5%
No matching quizzes found
Score Distribution
Percent of People with Each Score
Percentile by Number Answered
Your Score History
You have not taken this quiz